Pays les plus proches de la Sicile - Statistiques

Statistiques générales
  • Ce quiz a été pris 277 fois
  • Le résultat moyen est 15 sur 20
Statistiques - réponses
km pays % Correct
463 France
99%
738 Espagne
94%
71 Tunisie
94%
214 Algérie
92%
366 Grèce
90%
81 Malte
86%
504 Croatie
84%
445 Libye
82%
394 Albanie
77%
792 Slovénie
76%
506 Monténégro
74%
415 Vatican
74%
760 Monaco
72%
642 Serbie
71%
527 Macédoine du Nord
70%
530 Bosnie-Herzégovine
69%
634 Saint-Marin
69%
581 Kosovo
67%
710 Bulgarie
54%
852 Hongrie
47%
Aucun quiz correspondant
Distribution des résultats
% des personnes avec chaque résultat
Percentile par nombre de réponses
Votre historique - résultats
Vous n’avez pas pris ce quiz